Sports Quiz

Random Sports or NFL Quiz

Name an NFL Team That... 2 Quiz Stats

 Plays Quiz not verified by Sporcle

Support Sporcle.
Go Orange.
Score 0/25 Timer 04:00
0 Plays Today
Category Team % Correct
The Bengals have played in a Super Bowl?San Francisco 49ers
80.7%
That went 7-9 in the 2010 season, but did not win their division?St. Louis Rams...
76.4%
Has played in both the AFC and NFC (post-merger)?Tampa Bay Buccaneers...
75.7%
The Patriots lost to during the 2010 season?Cleveland Browns...
73.6%
Curtis Martin has played for?New England Patriots...
72.9%
Is undefeated in Super Bowls (and have played in at least one)?New York Jets...
72.1%
That has a 'V' in its team (not city) name?Baltimore Ravens...
71.4%
That have played in a Super Bowl at Reliant Stadium?Carolina Panthers...
64.3%
Had a player throw 40 touchdowns in a season before 2000?Miami Dolphins...
60%
Won exactly 1 Super Bowl in the 1970s (1970 season to 1979)?Oakland Raiders...
58.6%
That plays in Orchard Park?Buffalo Bills
57.9%
Drafted a player from Fresno State in the first round of the 2010 NFL Draft?San Diego Chargers
55.7%
That the all-time NFL points leader played for?Atlanta Falcons...
53.6%
Category Team % Correct
The NFL's all-time leader in receptions played most of his games for?San Francisco 49ers
52.9%
Have had a player rush and receive 1,000 yards in a season?St. Louis Rams...
47.9%
Have not won a division title in exactly 11 years (as of the 2010 season)?Washington Redskins...
47.1%
That have played home games in Memorial Coliseum?Los Angeles Chargers...
45%
Is 4-0 in the NFC Championship game all-time?New York Giants
32.9%
Jason Babin played for before 2010?Philadelphia Eagles...
30%
Peyton Manning has never beaten?Indianapolis Colts
29.3%
Made the AFC Championship 5 straight times?Oakland Raiders
29.3%
Have had a player kick a 93 yard punt?New York Jets...
21.4%
That drafted Pat Riley?Dallas Cowboys
8.6%
Allowed 104 sacks in the 1986 season?Philadelphia Eagles
5.7%
Had 4 2-point conversions in one game?St Louis Rams
5.7%

You're not logged in!

Compare scores with friends on all Sporcle quizzes.
OR
Log In

From the Vault

The Big Board: Celebrities

by bhenderson79

You know you've made it when they ask about you on a trivia game show.
Remove Ads.
Support Sporcle.
Get the best of Sporcle when you Go Orange. This ad-free experience offers more features, more stats, and more fun while also helping to support Sporcle. Thank you for becoming a member.

Show Comments

Extras

Created Feb 10, 2011ReportNominate
Tags:NFL Quiz, Category, fit, team

Top Quizzes Today


Score Distribution

Your Account Isn't Verified!

In order to create a playlist on Sporcle, you need to verify the email address you used during registration. Go to your Sporcle Settings to finish the process.

Report this User

Report this user for behavior that violates our Community Guidelines.

Details: